000 00357nam a2200145Ia 4500
008 210210b1985 xxu||||| |||| 00| 0 eng d
082 _a320.5 JOHP
100 _aJOHARI (J C).
245 _aPolitical thought.
250 _a
260 _aND
_bB V Gupta, Managing director.
_c1985
300 _axii,308-752
690 _aPolitical Thought
906 _a040466
999 _c90724
_d90724